00658 2200217 4500001002100000005001500021035002000036007000300056008004100059020002200100082001100122084001700133100002100150245010800171250001000279260004400289300004900333650002300382700002400405990001100429INLIS00000000000625720210211092906 a0010-0221000021ta210211 g 0 ind  a978-979-27-0174-6 a658.15 a658.15 PEN m0 aPENI, R. Pramono1 aMembedah Laporan Keuangan Sangat Mudah, di sini Kuncinya /cPeni R. Pramono; editor, Rayendra L. Toruan acet.1 aJakarta :bElex Media Komputindo,c2007 axiii, 102 hal. :bilus. ;c21 cm.-- Seri UKM 4aMANAJEMEN KEUANGAN0 aTORUAN, Rayendra L. a7786 a